[Event "Mestre Ragazzini Memorial 2nd"]
[Site "Mestre"]
[Date "2011.05.21"]
[Round "2"]
[White "Cedriano, Filippo"]
[Black "Arnaudov, Petar G"]
[Result "0-1"]
[WhiteElo "2017"]
[BlackElo "2449"]
[PlyCount "64"]
[EventDate "2011.05.20"]
[EventType "swiss"]
[EventRounds "5"]
[EventCountry "ITA"]
[SourceTitle "EXT 2014"]
[Source "ChessBase"]
[SourceDate "2013.11.20"]
[SourceVersion "1"]
[SourceVersionDate "2013.11.20"]
[SourceQuality "1"]

1. e4 e5 2. Nf3 Nc6 3. d4 exd4 4. Nxd4 Bc5 5. Nb3 Bb6 6. Bd3 Qh4 7. Qf3 Nge7 8. Nc3 d6 9. Qg3 Qxg3 10. hxg3 Be6 11. 0-0 0-0 12. a3 Ne5 13. Be2 f5 14. Bf4 N7g6 15. Bxe5 Nxe5 16. Nd2 fxe4 17. Ncxe4 Bf5 18. Rac1 d5 19. Nc3 c6 20. Na4 Bd8 21. Nc5 b6 22. Nd3 Bf6 23. Nxe5 Bxe5 24. c3 c5 25. Nf3 Bf6 26. Rfd1 Rad8 27. Nh4 Be6 28. Bd3 g6 29. f4 Bxh4 30. gxh4 Rxf4 31. Re1 Rd6 32. g3 Rf3 0-1

[Event "Venice Province-ch 69th"]
[Site "Venice Mestre"]
[Date "2009.01.31"]
[Round "3"]
[White "Cedriano, Filippo"]
[Black "Zamengo, Bruno"]
[Result "0-1"]
[WhiteElo "2025"]
[BlackElo "1877"]
[PlyCount "121"]
[EventDate "2009.01.30"]
[EventType "swiss"]
[EventRounds "5"]
[EventCountry "ITA"]
[SourceTitle "EXT 2022"]
[Source "ChessBase"]
[SourceDate "2021.10.06"]
[SourceVersion "1"]
[SourceVersionDate "2021.10.06"]
[SourceQuality "1"]

1. e4 e6 2. d3 d5 3. Nd2 Nf6 4. Ngf3 Be7 5. g3 b6 6. Bg2 Bb7 7. Qe2 Na6 8. e5 Nd7 9. 0-0 Nb4 10. c3 Nc6 11. Re1 Nf8 12. Nf1 h6 13. h4 Qd7 14. a4 Nh7 15. h5 Ng5 16. Nh4 d4 17. f4 Nh7 18. Nf3 0-0-0 19. Rd1 dxc3 20. bxc3 Ba6 21. Ne1 f6 22. a5 Nxa5 23. Be3 Bb7 24. c4 Bxg2 25. Nxg2 fxe5 26. fxe5 Qc6 27. Nd2 Bc5 28. Ne4 Bxe3+ 29. Qxe3 Rd7 30. c5 Rhd8 31. d4 Nb3 32. Qxb3 Qxe4 33. Rxa7 Rxd4 34. Rda1 Rd2 35. Qxe6+ Kb8 36. Ra8+ Qxa8 37. Rxa8+ Kxa8 38. Qc6+ Kb8 39. cxb6 cxb6 40. Qxb6+ Kc8 41. Qc6+ Kb8 42. Qb6+ Kc8 43. Qa6+ Kb8 44. Qb5+ Kc7 45. Qc4+ Kb6 46. Qe6+ Ka5 47. Qf5 Ng5 48. e6+ R8d5 49. Qf8 Nxe6 50. Qa8+ Kb4 51. Qb7+ Kc3 52. Qc6+ Nc5 53. Nf4 Re5 54. Qf3+ Kb4 55. Ng2 Ree2 56. Qc6 Rxg2+ 57. Kh1 Rge2 58. Qb6+ Kc4 59. Qb1 Rh2+ 60. Kg1 Rdg2+ 61. Kf1 0-1

[Event "Padova op-A 10th"]
[Site "Padova"]
[Date "2007.12.17"]
[Round "3.18"]
[White "Franz, Paolo"]
[Black "Cedriano, Filippo"]
[Result "0-1"]
[WhiteElo "1500"]
[BlackElo "2016"]
[PlyCount "48"]
[EventDate "2007.12.15"]
[EventType "swiss"]
[EventRounds "9"]
[EventCountry "ITA"]
[SourceTitle "EXT 2024"]
[Source "ChessBase"]
[SourceDate "2023.10.10"]
[SourceVersion "1"]
[SourceVersionDate "2023.10.10"]
[SourceQuality "1"]

1. e4 Nc6 2. Nf3 g6 3. d4 Bg7 4. Be3 d6 5. Bc4 Nf6 6. Nc3 0-0 7. h3 a6 8. a3 b5 9. Ba2 Na5 10. Qe2 Nd7 11. Rd1 e6 12. 0-0 Qe8 13. Ng5 h6 14. Nf3 Nb6 15. Nd2 Bb7 16. f3 f5 17. e5 f4 18. Bf2 d5 19. Qd3 Nc6 20. Ne2 Nc4 21. Nxc4 bxc4 22. Qd2 g5 23. Nc3 Ne7 24. Na4 Qxa4 0-1

[Event "Magistrale 6th"]
[Site "Bassano del Grappa"]
[Date "2006.12.28"]
[Round "4.6"]
[White "Ventura, Sergio"]
[Black "Cedriano, Filippo"]
[Result "1-0"]
[WhiteElo "2125"]
[BlackElo "2029"]
[PlyCount "45"]
[EventDate "2006.12.26"]
[EventType "swiss"]
[EventRounds "7"]
[EventCountry "ITA"]
[SourceTitle "EXT 2023"]
[Source "ChessBase"]
[SourceDate "2022.10.05"]
[SourceVersion "1"]
[SourceVersionDate "2022.10.05"]
[SourceQuality "1"]

1. c4 e6 2. Nf3 f5 3. g3 Nf6 4. Bg2 Be7 5. 0-0 0-0 6. Nc3 d6 7. b4 a5 8. bxa5 Rxa5 9. d3 Nc6 10. Bd2 Ra8 11. Rb1 Qe8 12. Nb5 Bd8 13. Qc2 e5 14. Bg5 Kh8 15. Nd2 Bd7 16. Rb2 Qh5 17. Bxf6 Rxf6 18. Bf3 Qh3 19. Bg2 Qh5 20. Bf3 Qh3 21. Bg2 Qh5 22. Rfb1 Qxe2 23. Bf3 1-0

[Event "Padova op 8th"]
[Site "Padova"]
[Date "2005.12.17"]
[Round "8"]
[White "Cedriano, Filippo"]
[Black "Del Monaco, Andrea"]
[Result "0-1"]
[WhiteElo "2039"]
[BlackElo "2234"]
[PlyCount "60"]
[EventDate "2005.12.10"]
[EventType "swiss"]
[EventRounds "9"]
[EventCountry "ITA"]
[SourceTitle "EXT 2008"]
[Source "ChessBase"]
[SourceDate "2007.11.25"]
[SourceVersion "1"]
[SourceVersionDate "2007.11.25"]
[SourceQuality "1"]

1. d4 Nf6 2. c4 e6 3. Nf3 Bb4+ 4. Bd2 a5 5. a3 Bxd2+ 6. Nfxd2 d6 7. Nc3 0-0 8. e3 e5 9. Nde4 Nxe4 10. Nxe4 exd4 11. Qxd4 Nc6 12. Qc3 Re8 13. Nd2 Bg4 14. h3 Qh4 15. g3 Qh6 16. Bg2 Bf5 17. g4 Bd7 18. 0-0-0 a4 19. Rdg1 Qh4 20. Ne4 Na5 21. Ng3 Qe7 22. Be4 Bc6 23. Bd5 Qe5 24. Qxe5 Rxe5 25. Rd1 Nxc4 26. Bxc4 Bxh1 27. Bxf7+ Kxf7 28. Nxh1 Rc5+ 29. Kb1 Ra6 30. Ng3 Rac6 0-1

[Event "Trieste op 07th"]
[Site "Trieste"]
[Date "2005.09.09"]
[Round "8"]
[White "Cedriano, Filippo"]
[Black "Brunello, Roberta"]
[Result "1/2-1/2"]
[WhiteElo "2005"]
[BlackElo "1837"]
[PlyCount "69"]
[EventDate "2005.09.04"]
[EventType "swiss"]
[EventRounds "9"]
[EventCountry "ITA"]
[SourceTitle "CBM 108 Extra"]
[Source "ChessBase"]
[SourceDate "2005.11.04"]
[SourceVersion "1"]
[SourceVersionDate "2005.11.04"]
[SourceQuality "1"]

1. Nf3 d5 2. c4 e6 3. b3 Nf6 4. Bb2 Bd6 5. g3 Nbd7 6. d4 c6 7. Bg2 0-0 8. 0-0 Re8 9. Nbd2 e5 10. dxe5 Nxe5 11. Nxe5 Bxe5 12. Bxe5 Rxe5 13. cxd5 Nxd5 14. Nc4 Re8 15. e4 Nb6 16. Nd6 Re7 17. Qd2 Be6 18. Rad1 Qc7 19. f4 Bg4 20. Bf3 Bh3 21. Rfe1 Rd7 22. e5 Be6 23. Qc2 Bd5 24. Be4 Bxe4 25. Qxe4 Rad8 26. Qe2 h6 27. Kg2 Nc8 28. Nxc8 Qxc8 29. e6 Rxd1 30. exf7+ Kxf7 31. Rxd1 Rxd1 32. Qxd1 Qe8 33. Qh5+ Ke7 34. Qe5+ Kf7 35. Qh5+ 1/2-1/2

[Event "Bratto op 25th"]
[Site "Bratto"]
[Date "2005.08.24"]
[Round "5"]
[White "Bonazzi, Edoardo"]
[Black "Cedriano, Filippo"]
[Result "1-0"]
[WhiteElo "2143"]
[BlackElo "2005"]
[PlyCount "87"]
[EventDate "2005.08.20"]
[EventType "swiss"]
[EventRounds "9"]
[EventCountry "ITA"]
[SourceTitle "CBM 108 Extra"]
[Source "ChessBase"]
[SourceDate "2005.11.04"]
[SourceVersion "1"]
[SourceVersionDate "2005.11.04"]
[SourceQuality "1"]

1. Nf3 c5 2. c4 Nf6 3. Nc3 d6 4. g3 b6 5. Bg2 Bb7 6. 0-0 e5 7. d3 a6 8. a3 Nc6 9. Bg5 Be7 10. Bxf6 Bxf6 11. Nd5 Ne7 12. Nxe7 Qxe7 13. Ne1 0-0 14. Bxb7 Qxb7 15. e4 g6 16. Nc2 Bg7 17. Ne3 b5 18. Nd5 bxc4 19. dxc4 Qxb2 20. Ne7+ Kh8 21. Qxd6 Qd4 22. Qxd4 cxd4 23. Nd5 Rab8 24. Rab1 Rfc8 25. Rxb8 Rxb8 26. c5 Rc8 27. Rc1 Bf8 28. c6 Bxa3 29. Ra1 Bc5 30. Rxa6 Kg7 31. Kf1 f5 32. f3 d3 33. Ke1 Kf7 34. Kd2 Ke6 35. Kxd3 Bg1 36. c7+ Kd7 37. h3 Bf2 38. g4 fxg4 39. fxg4 Rf8 40. Kc4 Bd4 41. Kb5 Rf1 42. Ra8 Rb1+ 43. Kc4 Rc1+ 44. Kd3 1-0

[Event "Bergamo op 4th"]
[Site "Bergamo"]
[Date "2005.07.31"]
[Round "5"]
[White "Andreoli, Renato"]
[Black "Cedriano, Filippo"]
[Result "1/2-1/2"]
[WhiteElo "2154"]
[BlackElo "2005"]
[PlyCount "44"]
[EventDate "2005.07.29"]
[EventType "swiss"]
[EventRounds "6"]
[EventCountry "ITA"]
[SourceTitle "EXT 2007"]
[Source "ChessBase"]
[SourceDate "2006.11.23"]
[SourceVersion "1"]
[SourceVersionDate "2006.11.23"]
[SourceQuality "1"]

1. Nf3 c5 2. g3 b6 3. e4 Bb7 4. Nc3 e6 5. Bg2 Nf6 6. e5 Nd5 7. 0-0 d6 8. Ne4 dxe5 9. Nxe5 Nc6 10. Nxc6 Bxc6 11. d4 cxd4 12. Qxd4 Qc7 13. c4 Nb4 14. Bf4 Qb7 15. Rad1 f5 16. Ng5 Bxg2 17. Nxe6 Bxf1 18. Nc7+ Kf7 19. Qd7+ Be7 20. Qe6+ Kf8 21. Qxf5+ Kg8 22. Qe6+ Kf8 1/2-1/2

[Event "Lodi op 1st"]
[Site "Lodi"]
[Date "2005.06.12"]
[Round "4"]
[White "Gasperi, Fosco"]
[Black "Cedriano, Filippo"]
[Result "1/2-1/2"]
[WhiteElo "2168"]
[BlackElo "2043"]
[PlyCount "112"]
[EventDate "2005.06.10"]
[EventType "swiss"]
[EventRounds "5"]
[EventCountry "ITA"]
[SourceTitle "EXT 2007"]
[Source "ChessBase"]
[SourceDate "2006.11.23"]
[SourceVersion "1"]
[SourceVersionDate "2006.11.23"]
[SourceQuality "1"]

1. d4 Nf6 2. c4 e6 3. Nc3 d5 4. cxd5 exd5 5. Bg5 Be7 6. e3 0-0 7. Bd3 c6 8. Qc2 Nbd7 9. Nge2 Re8 10. 0-0 h6 11. Bh4 Ne4 12. Bxe7 Qxe7 13. Rae1 Ndf6 14. f3 Nd6 15. Ng3 h5 16. Nf5 Nxf5 17. Bxf5 Bxf5 18. Qxf5 Qe6 19. Qc2 Re7 20. Re2 Rae8 21. Rfe1 Qd6 22. Qd2 Rd8 23. a3 c5 24. dxc5 Qxc5 25. Qd3 Qc4 26. Rd1 Rde8 27. Kf2 Qh4+ 28. Kg1 Qc4 29. Qd4 Qxd4 30. Rxd4 Rxe3 31. Rxe3 Rxe3 32. Kf2 Re5 33. h3 g5 34. Ne2 Re7 35. Nc3 Kg7 36. Nb5 a6 37. Nd6 Kf8 38. g4 Rd7 39. Nf5 hxg4 40. hxg4 Ne8 41. Ne3 Nc7 42. Ke2 Ke7 43. Kd3 Ke6 44. Nc2 Kd6 45. Rb4 Ne6 46. Nd4 Nxd4 47. Kxd4 b5 48. Rb3 Rc7 49. Kd3 Rc4 50. Kd2 d4 51. Rd3 Ke5 52. Kd1 a5 53. Kd2 Rc8 54. Rb3 Rc5 55. Kd3 Kf4 56. Kxd4 Re5 1/2-1/2

[Event "Lodi op 1st"]
[Site "Lodi"]
[Date "2005.06.11"]
[Round "3"]
[White "Cedriano, Filippo"]
[Black "Dvirnyy, Danyyil"]
[Result "0-1"]
[WhiteElo "2043"]
[BlackElo "2120"]
[PlyCount "94"]
[EventDate "2005.06.10"]
[EventType "swiss"]
[EventRounds "5"]
[EventCountry "ITA"]
[SourceTitle "EXT 2007"]
[Source "ChessBase"]
[SourceDate "2006.11.23"]
[SourceVersion "1"]
[SourceVersionDate "2006.11.23"]
[SourceQuality "1"]

1. Nf3 Nf6 2. c4 g6 3. g3 Bg7 4. Bg2 0-0 5. Nc3 d6 6. 0-0 c6 7. d4 Nbd7 8. e4 Qc7 9. h3 e5 10. Be3 Re8 11. d5 h6 12. Qd2 Kh7 13. Rac1 c5 14. Ne1 Nh5 15. Nd3 f5 16. Kh2 f4 17. gxf4 exf4 18. Nxf4 Be5 19. Kh1 Nxf4 20. Bxf4 g5 21. Bxe5 Nxe5 22. f4 gxf4 23. Rxf4 Qe7 24. Rcf1 Rg8 25. Rf6 Rg6 26. Rxg6 Kxg6 27. b3 Bd7 28. Ne2 Rg8 29. Nf4+ Kh7 30. Nh5 Rg6 31. Qf4 Rg5 32. Nf6+ Kg7 33. Nxd7 Nxd7 34. h4 Re5 35. Qg4+ Kh7 36. Rf5 Rxf5 37. Qxf5+ Kg7 38. Bh3 Ne5 39. Qf2 Ng6 40. h5 Ne5 41. Bf5 Qg5 42. Bg6 a5 43. a3 Qc1+ 44. Kg2 Qxa3 45. Be8 Qc1 46. Kh3 Qh1+ 47. Kg3 Qxe4 0-1

[Event "Lodi op 1st"]
[Site "Lodi"]
[Date "2005.06.10"]
[Round "1"]
[White "Cedriano, Filippo"]
[Black "Andersen, Alf Roger"]
[Result "0-1"]
[WhiteElo "2043"]
[BlackElo "2182"]
[PlyCount "66"]
[EventDate "2005.06.10"]
[EventType "swiss"]
[EventRounds "5"]
[EventCountry "ITA"]
[SourceTitle "EXT 2007"]
[Source "ChessBase"]
[SourceDate "2006.11.23"]
[SourceVersion "1"]
[SourceVersionDate "2006.11.23"]
[SourceQuality "1"]

1. Nf3 c5 2. c4 g6 3. g3 Bg7 4. Bg2 Nc6 5. Nc3 Nf6 6. 0-0 0-0 7. e4 d6 8. d3 Ne8 9. Ne1 Nc7 10. Be3 Ne6 11. Qd2 Ned4 12. Bh6 e5 13. Bxg7 Kxg7 14. Nd5 f6 15. f4 Be6 16. Nf3 Nxf3+ 17. Rxf3 Nd4 18. Rf2 b5 19. fxe5 dxe5 20. cxb5 Bxd5 21. exd5 Nxb5 22. Rc1 Qb6 23. b4 Rac8 24. bxc5 Rxc5 25. Rxc5 Qxc5 26. Qc2 Nc3 27. Qb2 Nd1 28. Qc2 Qxf2+ 29. Qxf2 Nxf2 30. Kxf2 Kf7 31. Ke3 Ke7 32. d4 Kd6 33. dxe5+ Kxe5 0-1

[Event "Veneto-ch qf 65th"]
[Site "Arqua Petrarca"]
[Date "2005.05.15"]
[Round "5.16"]
[White "Cedriano, Filippo"]
[Black "Zannol, Roberto"]
[Result "1-0"]
[WhiteElo "2043"]
[BlackElo "1745"]
[PlyCount "129"]
[EventDate "2005.05.07"]
[EventType "swiss"]
[EventRounds "6"]
[EventCountry "ITA"]
[SourceTitle "EXT 2024"]
[Source "ChessBase"]
[SourceDate "2023.10.10"]
[SourceVersion "1"]
[SourceVersionDate "2023.10.10"]
[SourceQuality "1"]

1. e4 d6 2. d4 Nf6 3. Nc3 g6 4. Nf3 Bg7 5. Be2 0-0 6. 0-0 c6 7. a4 Nbd7 8. Be3 e5 9. dxe5 dxe5 10. h3 Qc7 11. Bc4 h6 12. Qd2 Nb6 13. Bb3 Rd8 14. Qc1 Kh7 15. a5 Nbd7 16. Bxf7 Nf8 17. Bb3 Be6 18. Rd1 Bxb3 19. cxb3 Rxd1+ 20. Qxd1 Rd8 21. Qe2 Ne6 22. Qc4 Nd4 23. Nxd4 exd4 24. Bxd4 Nxe4 25. Bxg7 Nd2 26. Qh4 Kxg7 27. Re1 Rd7 28. Ne4 Nxe4 29. Qxe4 Qxa5 30. Qe8 Qc7 31. g3 Rf7 32. Qe3 a6 33. Qd4+ Kh7 34. Re8 Rg7 35. Qf6 Qf7 36. Qd8 Rg8 37. Re7 Rxd8 38. Rxf7+ Kg8 39. Rxb7 Rd2 40. Rb6 Rxb2 41. Rxc6 Kg7 42. Rxa6 Rxb3 43. Kg2 h5 44. Re6 Kf7 45. Re2 Kf6 46. f4 g5 47. fxg5+ Kxg5 48. Re5+ Kg6 49. Re4 Ra3 50. Kf2 Kf5 51. Rf4+ Kg5 52. Re4 Kf5 53. Re3 Ra4 54. Kf3 Rb4 55. Rd3 Kg6 56. Rd6+ Kf5 57. Rd5+ Kg6 58. Re5 Rb3+ 59. Re3 Rxe3+ 60. Kxe3 Kf7 61. Ke4 Ke6 62. Kf4 Kf6 63. h4 Kg6 64. Ke5 Kg7 65. Kf5 1-0

[Event "Veneto-ch qf 65th"]
[Site "Arqua Petrarca"]
[Date "2005.05.15"]
[Round "6.11"]
[White "Zanirato, Stefano"]
[Black "Cedriano, Filippo"]
[Result "0-1"]
[WhiteElo "1738"]
[BlackElo "2043"]
[PlyCount "86"]
[EventDate "2005.05.07"]
[EventType "swiss"]
[EventRounds "6"]
[EventCountry "ITA"]
[SourceTitle "EXT 2024"]
[Source "ChessBase"]
[SourceDate "2023.10.10"]
[SourceVersion "1"]
[SourceVersionDate "2023.10.10"]
[SourceQuality "1"]

1. Nf3 g6 2. c3 Bg7 3. d3 d5 4. Qc2 e5 5. e4 Ne7 6. Be2 0-0 7. 0-0 c5 8. Be3 d4 9. cxd4 cxd4 10. Bd2 Nbc6 11. Na3 h6 12. Rac1 Be6 13. b4 a6 14. Nc4 b5 15. Nb2 Rc8 16. Qb1 f5 17. Rc5 Qd6 18. Rfc1 Na7 19. a4 Rxc5 20. Rxc5 Rc8 21. Qc1 Rxc5 22. bxc5 Qc6 23. Bxh6 fxe4 24. dxe4 bxa4 25. Bxg7 Kxg7 26. Ng5 Bg8 27. Nd3 Qb5 28. Nf4 Qb3 29. Nd3 a3 30. Nf3 a2 31. Nb2 Qc3 32. Qa1 Qxc5 33. h4 Nb5 34. Ne1 Nc3 35. Bxa6 Nxe4 36. Bd3 Nc3 37. f3 Nf5 38. Bxf5 gxf5 39. Ned3 Ne2+ 40. Kh2 Qc2 41. Qe1 e4 42. Qa5 exd3 43. Qa7+ Kf8 0-1

[Event "Alta Padovana op 5th"]
[Site "Loreggia"]
[Date "2005.02.26"]
[Round "3"]
[White "Cedriano, Filippo"]
[Black "Belloni, Umberto"]
[Result "1/2-1/2"]
[WhiteElo "2052"]
[BlackElo "1950"]
[PlyCount "123"]
[EventDate "2005.02.25"]
[EventType "swiss"]
[EventRounds "5"]
[EventCountry "ITA"]
[SourceTitle "EXT 2007"]
[Source "ChessBase"]
[SourceDate "2006.11.23"]
[SourceVersion "1"]
[SourceVersionDate "2006.11.23"]
[SourceQuality "1"]

1. e4 e6 2. d4 d5 3. e5 c5 4. c3 Nc6 5. Nf3 Qb6 6. a3 a5 7. Bd3 Bd7 8. Bc2 Qa6 9. Be3 b6 10. Nbd2 c4 11. a4 g6 12. 0-0 Nge7 13. Qe2 Nf5 14. b3 cxb3 15. Qxa6 Rxa6 16. Bd3 Ra8 17. Rfb1 Nxe3 18. fxe3 Rb8 19. Rxb3 Be7 20. e4 0-0 21. Rab1 Bd8 22. Bb5 Rc8 23. c4 dxc4 24. Nxc4 Nxd4 25. Nxd4 Bxb5 26. Nd6 Bxa4 27. Nxc8 Bxb3 28. Rxb3 Bc7 29. Nd6 Rd8 30. N4b5 Bb8 31. Nc4 Kg7 32. Kf2 f6 33. exf6+ Kxf6 34. g3 g5 35. Nxb6 Be5 36. Ke3 h5 37. Rd3 Rxd3+ 38. Kxd3 Ke7 39. Nc4 Bg7 40. Nxa5 Kf6 41. Nd6 Ke7 42. Nac4 Bf6 43. e5 Bxe5 44. Nxe5 Kxd6 45. Nf7+ Kd5 46. Nxg5 Ke5 47. Ke3 Kf5 48. Nxe6 Kxe6 49. Kf4 Kf6 50. h3 Kg6 51. Ke5 Kg5 52. Ke4 Kf6 53. Kf4 Kg6 54. Ke3 Kf5 55. Kf3 Kg5 56. Kf2 Kf5 57. Kf3 Kg5 58. Ke4 Kf6 59. Kf4 Kg6 60. g4 hxg4 61. hxg4 Kf6 62. g5+ 1/2-1/2

[Event "Alta Padovana op 5th"]
[Site "Loreggia"]
[Date "2005.02.26"]
[Round "2"]
[White "Gromovs, Sergejs"]
[Black "Cedriano, Filippo"]
[Result "1-0"]
[WhiteElo "2335"]
[BlackElo "2052"]
[PlyCount "53"]
[EventDate "2005.02.25"]
[EventType "swiss"]
[EventRounds "5"]
[EventCountry "ITA"]
[SourceTitle "EXT 2007"]
[Source "ChessBase"]
[SourceDate "2006.11.23"]
[SourceVersion "1"]
[SourceVersionDate "2006.11.23"]
[SourceQuality "1"]

1. d4 c5 2. e4 cxd4 3. c3 d3 4. c4 d6 5. Bxd3 g6 6. h4 Nf6 7. Nc3 Nc6 8. Nge2 Ne5 9. Ng3 Qb6 10. Be2 Neg4 11. 0-0 h5 12. Bg5 Bh6 13. Bxh6 Rxh6 14. Qd2 Rh8 15. Nd5 Nxd5 16. exd5 Kf8 17. Rae1 Nf6 18. Bd3 Bd7 19. Qc3 Rg8 20. Re2 Rc8 21. Qd2 e6 22. Qh6+ Ke7 23. dxe6 Bxe6 24. Qf4 Qc7 25. Rfe1 d5 26. Qg5 Qc5 27. Re5 1-0

[Event "Campodarsego op 16th"]
[Site "Campodarsego"]
[Date "2005.01.22"]
[Round "3"]
[White "Cedriano, Filippo"]
[Black "Bonafede, Alessandro"]
[Result "0-1"]
[WhiteElo "2052"]
[BlackElo "2089"]
[PlyCount "38"]
[EventDate "2005.01.21"]
[EventType "swiss"]
[EventRounds "5"]
[EventCountry "ITA"]
[SourceTitle "EXT 2007"]
[Source "ChessBase"]
[SourceDate "2006.11.23"]
[SourceVersion "1"]
[SourceVersionDate "2006.11.23"]
[SourceQuality "1"]

1. e4 c5 2. Nc3 Nc6 3. f4 g6 4. Nf3 Bg7 5. Bc4 e6 6. d3 Nge7 7. 0-0 0-0 8. Qe1 b6 9. Qh4 Bb7 10. f5 gxf5 11. Ng5 h6 12. Rf3 d5 13. Bb3 c4 14. Ba4 dxe4 15. Ngxe4 fxe4 16. Rh3 Nf5 17. Qh5 exd3 18. cxd3 cxd3 19. Bd2 Ne5 0-1